| 000 | 00549nam a2200193Ia 4500 | ||
|---|---|---|---|
| 005 | 20260429112103.0 | ||
| 008 | 260429s9999||||xx |||||||||||||| ||und|| | ||
| 020 | _a9788126934348 | ||
| 041 | _aEnglish | ||
| 082 |
_a809.04 _bDAS |
||
| 100 | _aDas, Bijay Kumar | ||
| 245 | 0 |
_aTwentieth century literary criticism / _cBijay Kumar Das |
|
| 250 | _a9th rev. ed. | ||
| 260 |
_aNew Delhi : _bAtlantic Publishers and Distributors, _c2026. |
||
| 300 | _ax, 620 p.; pbk | ||
| 650 | _a Twentieth century | ||
| 650 | _aLiterary criticism | ||
| 942 | _cTB | ||
| 999 |
_c52278 _d52278 |
||